000 00852nam a2200217Ia 4500
999 _c39329
_d39329
001 5915
003 GE_BSU
005 20190820135746.0
008 181216s1960||||ge |||||||||||||| ||geo||
040 _cGE_BSU
041 _ageo
080 _a821.353.1-11 ა-13
100 _aაბაშიძე, გრიგოლ
_91383
245 _aრჩეული :
_b[ლექსები და პოემები] /
_cგრიგოლ აბაშიძე ; რედ. ც. ჯაფარიძე.
264 _aთბილისი :
_bსაბჭოთა საქართველო ;
_c1960.
300 _a389 გვ. ;
_c22 სმ.
653 _aლექსები და პოემები
653 _aრჩეული
700 _aჯაფარიძე, ც.
_eრედაქტორი
_93695
942 _cBK
_2udc